| 000 | 00487nam a2200181 a 4500 | ||
|---|---|---|---|
| 005 | 20140310183439.0 | ||
| 008 | 080229s19uu xx 00 eng d | ||
| 020 | _a1841122033 | ||
| 050 |
_aHG 4027.5 _b.G692 2002 |
||
| 100 | _aGough, Leo | ||
| 245 |
_aGlobal finance / _cLeo Gough |
||
| 260 |
_aUnited Kingdom : _bCapstone Publishing, _c2002. |
||
| 300 |
_a122 p. : _bill. ; _c19 cm. |
||
| 521 | _aBSBA | ||
| 650 | _aInternational finance. | ||
| 942 |
_cBK _2lcc _kFOR |
||
| 999 |
_c23028 _d23028 |
||